| 000 | 00698cam a22002653a 4500 | ||
|---|---|---|---|
| 001 | 24899 | ||
| 003 | PGUSA | ||
| 005 | 20140828083533.0 | ||
| 008 | 080323s2008||||xxu|||||s|||||000 | eng d | ||
| 040 |
_aPGUSA _beng |
||
| 042 | _adc | ||
| 050 | 4 | _aBD | |
| 100 | 1 |
_aPlato, _d-428--348 |
|
| 245 | 1 | 0 |
_aPlatons Gastmahl _h[electronic resource] / _cPlato |
| 260 |
_bProject Gutenberg, _c2008 |
||
| 506 | _aPublic domain in the USA. | ||
| 516 | _aElectronic text | ||
| 653 | _aPlato | ||
| 653 | _aClassical literature | ||
| 653 | _aPhilosophy | ||
| 700 | 1 |
_aKassner, Rudolf, _d1873-1959 |
|
| 830 | 0 |
_aProject Gutenberg _v24899 |
|
| 856 | 4 | 0 | _uhttp://www.gutenberg.org/ebooks/24899 |
| 942 | _cEB | ||
| 999 |
_c254154 _d254154 |
||